000 00446nam a22001697a 4500
005 20180317155441.0
008 160621b xxu||||| |||| 00| 0 eng d
020 _a978-81-7194-499-6
041 _aeng
082 _b8770
_a346.07
100 _aSinghania, Dr. Vinod K and Singhania, Dr manisa
_92407
245 _aStudents Guide to Income Tax
260 _bTasemann's
_c2008
300 _a438.10(para)
650 _aManagement
_9241
942 _cBK
999 _c3406
_d3405